header

Ruby and MongoDB web development beginner's guide (Record no. 82737)

MARC details
000 -LEADER
fixed length control field 01481nam a2200361 a 4500
100 1# - MAIN ENTRY--AUTHOR NAME
Personal name Rege, Gautam.
245 10 - TITLE STATEMENT
Title Ruby and MongoDB web development beginner's guide
260 ## - PUBLICATION, DISTRIBUTION, ETC. (IMPRINT)
Place of publication Birmingham :
Name of publisher Packt Pub.,
Year of publication 2012.
300 ## - PHYSICAL DESCRIPTION
Number of Pages ix, 310 p. :
Other physical details ill.
490 1# - SERIES STATEMENT
Series statement Open source : community experience distilled
500 ## - GENERAL NOTE
General note "Learn by doing : less theory, more results."
General note Includes index.
650 #0 - SUBJECT ADDED ENTRY--TOPICAL TERM
Topical Term Ruby (Computer program language)
Topical Term Object-oriented databases.
Topical Term Database management
Topical Term Open source software.
Topical Term Web site development.
856 40 - ELECTRONIC LOCATION AND ACCESS
Uniform Resource Identifier http://site.ebrary.com/lib/rucke/Doc?id=10583702

No items available.

© 2026 Rongo University
Contact us: librarian | system librarian | Rongo university